Statistics for Top 100 Biggest Cities in Massachusetts

Click here to take the quiz!

General Stats

  • This quiz has been taken 59 times
    (43 since last reset)
  • The average score is 29 of 100

Answer Stats

Population City % Correct
617,594Boston
100%
153,060Springfield
93%
181,045Worcester
90%
105,162Cambridge
87%
106,519Lowell
80%
95,072New Bedford
77%
90,329Lynn
77%
92,271Quincy
73%
93,810Brockton
67%
7,494Plymouth
60%
68,318Framingham
60%
88,857Fall River
57%
41,340Salem
57%
58,732Brookline
57%
75,754Somerville
53%
85,146Newton
50%
59,450Malden
50%
60,879Haverhill
50%
76,377Lawrence
50%
44,737Pittsfield
47%
28,789Gloucester
47%
51,755Revere
47%
38,120Woburn
43%
31,394Lexington
43%
60,632Waltham
43%
42,844Arlington
43%
56,173Medford
43%
35,177Chelsea
43%
26,493Danvers
43%
28,886Needham
40%
55,874Taunton
40%
24,498Burlington
40%
24,729Dedham
40%
39,880Holyoke
40%
26,628Saugus
37%
55,298Chicopee
37%
39,502Beverly
37%
43,593Attleboro
37%
8,762Andover
37%
24,932Wakefield
33%
51,251Peabody
33%
40,759Leominster
33%
27,003Milton
33%
24,747Reading
33%
21,374Winchester
30%
27,982Wellesley
30%
41,667Everett
30%
38,499Marlborough
30%
17,416Newburyport
27%
21,437Stoneham
27%
40,318Fitchburg
27%
28,602Norwood
27%
28,549Northampton
27%
24,729Belmont
23%
13,708North Adams
23%
14,907Hudson
20%
11,261Weston
20%
22,325Wilmington
20%
26,983Melrose
20%
25,055Milford
17%
11,596Lynnfield
17%
41,094Westfield
13%
7,841Bridgewater
13%
32,112Randolph
13%
20,228Gardner
13%
19,808Marblehead
13%
10,293Hull
13%
15,985Abington
10%
18,165Somerset
10%
7,389Clinton
10%
13,787Swampscott
10%
10,106Maynard
10%
7,446Nantuckett
7%
8,265Athol
7%
6,483Medfield
7%
15,784Longmeadow
7%
53,743Weymouth Town
3%
6,569Cochituate
3%
47,255Methuen Town
3%
12,140Palmer Town
0%
17,456Greenfield Town
0%
16,719Southbridge Town
0%
6,704Whitinsville
0%
6,819North Amherst
0%
7,152Pinehurst
0%
7,319Middleborough Center
0%
7,360Mansfield Center
0%
28,438Agawam Town
0%
28,391West Springfield Town
0%
31,635Franklin Town
0%
17,497Winthrop Town
0%
31,915Watertown Town
0%
16,283Amesbury Town
0%
35,744Braintree Town
0%
45,193Barnstable Town
0%
10,791Holbrook
0%
11,092South Yarmouth
0%
19,065Amherst Center
0%
11,412Webster
0%
16,053Easthampton Town
0%

Score Distribution

Percentile by Number Answered

Percent of People with Each Score

Your Score History

You have not taken this quiz since the last reset